Seerat un Nabi (PBUH) Vol-3-4 (Record no. 62858)
[ view plain ]
| 000 -LEADER | |
|---|---|
| fixed length control field | 00481nam a22001697a 4500 |
| 003 - CONTROL NUMBER IDENTIFIER | |
| control field | NUST - PNEC |
| 005 - DATE AND TIME OF LATEST TRANSACTION | |
| control field | 20170116180758.0 |
| 008 - FIXED-LENGTH DATA ELEMENTS--GENERAL INFORMATION | |
| fixed length control field | 150410b xxu||||| |||| 00| 0 eng d |
| 040 ## - CATALOGING SOURCE | |
| Transcribing agency | LIBRARY |
| 082 ## - DEWEY DECIMAL CLASSIFICATION NUMBER | |
| Classification number | 297.261 NOM |
| 100 ## - MAIN ENTRY--PERSONAL NAME | |
| 9 (RLIN) | 2321 |
| Personal name | Nomani, Alama Shibli |
| 245 ## - TITLE STATEMENT | |
| Title | Seerat un Nabi (PBUH) Vol-3-4 |
| Statement of responsibility, etc. | Alama Shibli Nomani |
| 260 ## - PUBLICATION, DISTRIBUTION, ETC. | |
| Place of publication, distribution, etc. | Karachi: |
| Name of publisher, distributor, etc. | Daraul Ashaat, |
| Date of publication, distribution, etc. | c1985. |
| 300 ## - PHYSICAL DESCRIPTION | |
| Extent | 460 p. : |
| Dimensions | 25 cm. |
| 650 ## - SUBJECT ADDED ENTRY--TOPICAL TERM | |
| 9 (RLIN) | 2323 |
| Topical term or geographic name entry element | Seerat un Nabvi (PBUH) |
| General subdivision | General |
| 942 ## - ADDED ENTRY ELEMENTS (KOHA) | |
| Source of classification or shelving scheme | |
| Koha item type | Book |
| Withdrawn status | Lost status | Source of classification or shelving scheme | Damaged status | Not for loan | Permanent Location | Current Location | Shelving location | Date acquired | Source of acquisition | Cost, normal purchase price | Total Checkouts | Full call number | Barcode | Date last seen | Cost, replacement price | Price effective from | Koha item type |
|---|---|---|---|---|---|---|---|---|---|---|---|---|---|---|---|---|---|
| Pakistan Navy Engineering College (PNEC) | Pakistan Navy Engineering College (PNEC) | 02/10/2000 | Royal book co./ Library Refrence Grant | 150.00 | 297.261 NOM | PNECLIB-021278 | 04/10/2015 | 150.00 | 02/10/2000 | Book | |||||||
| Pakistan Navy Engineering College (PNEC) | Pakistan Navy Engineering College (PNEC) | 02/24/2000 | Royal book co./ Library Refrence Grant | 150.00 | 297.261 NOM | PNECLIB-021615 | 04/10/2015 | 150.00 | 02/24/2000 | Book | |||||||
| Pakistan Navy Engineering College (PNEC) | Pakistan Navy Engineering College (PNEC) | Library Refrence Grant | 297.261 NOM | PNECLIB-009002 | 04/13/2015 | 04/13/2015 | Book | ||||||||||
| Pakistan Navy Engineering College (PNEC) | Pakistan Navy Engineering College (PNEC) | 297.263 NOM | PNECLIB-032364 | 01/05/2016 | Book |
